Представление документа в формате MARC21

Поле Инд. ПП Название Значение
Тип записи a
Библиографический уровень b
001 Контрольный номер RU/IS/BASE/294321118
005 Дата корректировки 20200522191324.9
008 Кодируемые данные 20090429
040 b Код языка каталог. rus
e Правила каталог. PSBO
041 0_ a Код языка текста rus
084 a Индекс другой классификации/Индекс ББК 81.411.2-3; 81в; 87.228.1
100 1_ a Автор Прокубовский А. А.
245 10 a Заглавие Понимание и его лексические "инструменты"
504 a Библиография Библиогр.: с. 121
650 14 a Основная рубрика лексикология
a Основная рубрика русский язык
a Основная рубрика филологические науки
a Основная рубрика философия
a Основная рубрика философия языка
a Основная рубрика частное языкознание
a Основная рубрика языкознание
653 0_ a Ключевые слова здравый смысл
a Ключевые слова интеллект
a Ключевые слова коммуникации
a Ключевые слова лексика
a Ключевые слова лексикографический анализ
a Ключевые слова мудрость
a Ключевые слова остроумие
a Ключевые слова познание
a Ключевые слова понимание
a Ключевые слова понимание текста
a Ключевые слова разум
a Ключевые слова рассудок
a Ключевые слова синонимы
a Ключевые слова ум
773 08 t Заглавие источника Вестник Московского университета. Серия 9, Филология
d Дата издания источника 2008
g Прочая информация № 6. - С. 111 - 121
w Контрольный № источника RU/IS/BASE/293109115
901 t Тип документа b